The effect of varied amounts of phonetic training on primary reading /

Bibliographic Details
Main Author: Agnew, Donald Charles, 1906-
Format: Book
Language:English
Published: Durham, N. C. : Duke University Press, 1939.
Series:Duke University research studies in education ; no. 5
Subjects:

MARC

Tag First Indicator Second Indicator Subfields
LEADER 00000cam a2200000 i 4500
001 in00000083704
005 20151008053139.0
008 790208r1939 miu b 00000 eng d
010 |a  39024291  
035 |a (OCoLC)04629190 
035 |9 AAH6405AM 
040 |a VRC  |c VRC  |d TXA  |d UtOrBLW 
049 |a TXAM  |c [400233] 
050 0 |a LB1525  |b .A35 1939 
092 |a 372.4  |b A273e, 1939r 
100 1 |a Agnew, Donald Charles,  |d 1906- 
245 1 4 |a The effect of varied amounts of phonetic training on primary reading /  |c by Donald C. Agnew. 
264 1 |a Durham, N. C. :  |b Duke University Press,  |c 1939. 
300 |a vii, 50 pages :  |b including tables, diagrams ;  |c 24 cm. 
336 |a text  |b txt  |2 rdacontent 
337 |a unmediated  |b n  |2 rdamedia 
338 |a volume  |b nc  |2 rdacarrier 
490 0 |a Duke University research studies in education ; no. 5 
500 |a Photocopy. Ann Arbor, Mich. : University Microfilms International, 1978. -- 21 cm. 
504 |a Bibliography: pages [48]-50. 
650 0 |a Phonetics  |x Study and teaching. 
650 0 |a Reading (Elementary) 
999 |a MARS 
999 f f |s 77c334e7-71df-314a-8255-cafc36273479  |i b0457d23-5737-3012-b152-b681cff94626  |t 0 
952 f f |p normal  |a Texas A&M University  |b College Station  |c Sterling C. Evans Library  |d Evans: Library Stacks  |t 0  |e LB1525 .A35 1939  |h Library of Congress classification  |i unmediated -- volume  |m A14800850517 
998 f f |a LB1525 .A35 1939  |t 0  |l Evans: Library Stacks